000
00238 a2200097 4500
001
12135
100
_a
Saxby Graham
245
_a
Science of Imaging An introduction
260
_a
_b
Institute of Physics Publishing
_c
090
_c
9334
_d
9334
942
_a
NUST-CAE
_c
M
_c
36194
999
_c
247208
_d
247208